Food microbiology (Record no. 20279)
[ view plain ]
| 000 -LEADER | |
|---|---|
| fixed length control field | 00438nam a22001697a 4500 |
| 003 - CONTROL NUMBER IDENTIFIER | |
| control field | OSt |
| 005 - DATE AND TIME OF LATEST TRANSACTION | |
| control field | 20211126092356.0 |
| 008 - FIXED-LENGTH DATA ELEMENTS--GENERAL INFORMATION | |
| fixed length control field | 211126b |||||||| |||| 00| 0 eng d |
| 020 ## - INTERNATIONAL STANDARD BOOK NUMBER | |
| International Standard Book Number | 978-81-7035-434-5 |
| 040 ## - CATALOGING SOURCE | |
| Transcribing agency | Hawassa university |
| 050 ## - LIBRARY OF CONGRESS CALL NUMBER | |
| Classification number | 664.028/KHE |
| 082 ## - DEWEY DECIMAL CLASSIFICATION NUMBER | |
| Classification number | 664.028/KHE |
| 100 ## - MAIN ENTRY--PERSONAL NAME | |
| Personal name | Khetarpaul neelam |
| 9 (RLIN) | 20224 |
| 245 ## - TITLE STATEMENT | |
| Title | Food microbiology |
| 260 ## - PUBLICATION, DISTRIBUTION, ETC. | |
| Place of publication, distribution, etc. | New delhi |
| Name of publisher, distributor, etc. | Astral international |
| Date of publication, distribution, etc. | 2016 |
| 942 ## - ADDED ENTRY ELEMENTS (KOHA) | |
| Source of classification or shelving scheme | Dewey Decimal Classification |
| Koha item type | Books like text book referance book |
| Suppress in OPAC | No |
| Withdrawn status | Lost status | Source of classification or shelving scheme | Damaged status | Not for loan | Home library | Current library | Date acquired | Full call number | Barcode | Date last seen | Copy number | Price effective from | Koha item type | Total Checkouts |
|---|---|---|---|---|---|---|---|---|---|---|---|---|---|---|
| Dewey Decimal Classification | College of Agriculture Library | College of Agriculture Library | 11/26/2021 | 664.028/KHE | ALIB0012373 | 11/26/2021 | C 1 | 11/26/2021 | Books like text book referance book | |||||
| Dewey Decimal Classification | College of Agriculture Library | College of Agriculture Library | 11/26/2021 | 664.028/KHE | ALIB0012374 | 11/26/2021 | C 2 | 11/26/2021 | Books like text book referance book | |||||
| Dewey Decimal Classification | College of Agriculture Library | College of Agriculture Library | 12/03/2021 | 664.028/KHE | ALIB0012375 | 12/03/2021 | C 3 | 12/03/2021 | Books like text book referance book | |||||
| Dewey Decimal Classification | College of Agriculture Library | College of Agriculture Library | 12/03/2021 | 664.028/KHE | ALIB0012376 | 12/03/2021 | C 4 | 12/03/2021 | Books like text book referance book | |||||
| Dewey Decimal Classification | College of Agriculture Library | College of Agriculture Library | 12/03/2021 | 664.028/KHE | ALIB0012377 | 12/03/2021 | C 5 | 12/03/2021 | Books like text book referance book |